000 01397cam a22003854a 4500
001 ocn212327260
003 TZ-ArACH
005 20130611103711.0
008 080221s2008 fr b 000 0 fre d
016 7 _a014600851
_2Uk
020 _a9782296047006
020 _a2296047009
035 _a(OCoLC)212327260
040 _aTZT
_beng
_cTZ-ArACH
_dINU
_dMUQ
_dDEBBG
_dUKMGB
_dOCLCQ
_dOCLCO
_dOCLCA
041 _aFre
043 _af-uv---
049 _aTZAA
072 7 _aKQT305
_2.L67
084 _aQR 600
_2rvk
100 1 _aLopa Dufrenot, Micheline.
_911403
245 1 2 _aAccès à l'eau saine : un droit humain au Burkina Faso /
_bun droit humain au Burkina Faso /
_cMicheline Lopa Dufrenot ; préface de Monique Ilboudo.
260 _aParis :
_bHarmattan,
_c2008.
300 _a183 p. ;
_c22 cm.
490 1 _aEtudes africaines
504 _aAnnexes, Bibliographie
650 0 _aWater-supply
_zBurkina Faso.
_911404
650 0 _aWater consumption
_zBurkina Faso.
_911405
650 6 _aEau
_xApprovisionnement
_zBurkina Faso.
_911406
650 6 _aEau
_xConsommation
_zBurkina Faso.
_911407
651 7 _aBurkina Faso.
_911408
653 _aBurkina Faso
_aWater Supply
_aHuman Rights
_aLaw
830 0 _aÉtudes africaines (Harmattan (Firm))
_911409
942 _2lcc
_cBOOK
999 _c2416
_d2416